Top 30 The Kid LAROI Songs - Statistics

General Stats
  • This quiz has been taken 8 times
  • The average score is 15 of 30
Answer Stats
# Song Rating % Correct
1. BLEED 78
100%
16. STAY 68
100%
4. NIGHTS LIKE THIS 75
86%
2. GO 76
71%
28. SO DONE 64
71%
6. SORRY 73
71%
27. WITHOUT YOU 64
71%
11. A COLD PLAY 71
57%
13. A PERFECT WORLD 69
57%
15. KIDS ARE GROWING UP 68
57%
18. LOVE AGAIN 67
57%
5. WHAT JUST HAPPENED 73
57%
8. ALWAYS DO 71
43%
26. COME DOWN 64
43%
21. DESERVE YOU 67
43%
14. I THOUGHT THAT I NEEDED YOU 68
43%
17. JULY 68
43%
10. PRIVATE 71
43%
24. THANK GOD 65
43%
22. THE LINE 66
43%
9. WHAT'S THE MOVE? 71
43%
12. WHERE DO YOU SLEEP? 70
43%
23. BACK WHEN YOU WERE MINE 65
29%
29. I'M SO IN LOVE WITH YOU 63
29%
30. ME + YOU 63
29%
25. TELL ME WHY 64
29%
20. WHAT WENT WRONG??? 67
29%
7. WHERE DOES YOUR SPIRIT GO? 72
29%
19. YOU 67
29%
3. Hate The Other Side 75
14%
No matching quizzes found
Score Distribution
Percent of People with Each Score
Percentile by Number Answered
Your Score History
You have not taken this quiz